LEADER 00695nam0-22002651i-450- 001 990006955720403321 035 $a000695572 035 $aFED01000695572 035 $a(Aleph)000695572FED01 035 $a000695572 100 $a20010920d1962----km-y0itay50------ba 101 0 $aita 105 $ay-------001yy 200 1 $aIX Ecloghe$fAndrea Zanzotto 210 $aMilano$cMondadori$d1962 215 $a91 p.$d18 cm 225 1 $a<>tornasole 700 1$aZanzotto,$bAndrea$f<1921-2011>$0174583 801 0$aIT$bUNINA$gRICA$2UNIMARC 901 $aBK 912 $a990006955720403321 952 $aBIB. BAT.2391$b2489$fBAT 959 $aBAT 996 $aIX Ecloghe$9702086 997 $aUNINA LEADER 04066oam 2200649I 450 001 9910455655203321 005 20200520144314.0 010 $a0-415-27796-5 010 $a1-134-47114-9 010 $a1-280-19527-4 010 $a0-203-22023-4 024 7 $a10.4324/9780203220238 035 $a(CKB)111087026857070 035 $a(StDuBDS)AH3704777 035 $a(SSID)ssj0000081788 035 $a(PQKBManifestationID)11120708 035 $a(PQKBTitleCode)TC0000081788 035 $a(PQKBWorkID)10114798 035 $a(PQKB)11070465 035 $a(MiAaPQ)EBC171266 035 $a(Au-PeEL)EBL171266 035 $a(CaPaEBR)ebr10100938 035 $a(CaONFJC)MIL19527 035 $a(OCoLC)437250571 035 $a(OCoLC)958102967 035 $a(EXLCZ)99111087026857070 100 $a20180331d2002 uy 0 101 0 $aeng 135 $aur||||||||||| 181 $ctxt 182 $cc 183 $acr 200 00$aArt and the performance of memory $esounds and gestures of recollection /$fedited by Richard Candida Smith 210 1$aLondon :$cRoutledge,$d2002. 215 $a1 online resource (xiv, 290 p. ) $cill., ports 225 1 $aRoutledge studies in memory and narrative ;$v10 300 $aBibliographic Level Mode of Issuance: Monograph 311 $a0-415-51394-4 311 $a0-203-29600-1 320 $aIncludes bibliographical references and index. 327 $a1. Richard Candida Smith Introduction: Performing the Archive 2. Warren Linds, Alejandra Medellin and Kadi Purru Resonating Testimonies from/in the Space of Death: Performing Buenaventura's La Maestra 3. Stephanie Marlin-Curiel Truth and Consequences: Art in Response to the Truth and Reconciliation Commission 4. Anne Rutherford Precarious Boundaries: Affect, Mise-en-scene, and the Senses 5. Elvan Zabunyan Stratum and Resonance: Displacement in the Work of Renee Green 6. David Michalski Cities Memory Voices Collage 7. Paul Karlstrom Eros in the Studio 8. Jeff Friedman Muscle Memory: Performing Embodied Knowledge 9. Ryan Snyder 'Hope...Teach, Yaknowhati'masyin': Freestylin Knowledge through Detroit Hiphop 10. Richard Candida Smith Les Gammes: Making Visible to Representative Modern Man 11. Ana Maria Mauad Composite Past: Photography and Family Memories in Brazil (1850-1950) 12. Lizzetta LeFalle-Collins Memories of Mammy 13. Ivy Schroeder Official Art, Official Publics: Public Sculpture under the Federal Art-in-Architecture Program since 1972 14. Iain Borden and Jane Rendell Private Reflections/Public Matters: Public Art in the City 330 $aThis work investigates the role that the visual and performing arts play in our experience and understanding of the past. Contributors are drawn from a range of backgrounds, including art and architectural history, film, theatre and performance studies, social and cultural history. 330 $bThis book investigates the role that the visual and performing arts play in our experience and understanding of the past. Expanding upon longstanding concerns in cultural history about the relation of text and image, the book highlights the distinction between enactive and cognitive memory and the implications of this for artists and their publics. This book investigates the role that the visual and performing arts play in our experience and understanding of the past. Expanding upon longstanding concerns in cultural history about the relation of text and image, the book highlights the distinction between enactive and cognitive memory and the implications of this for artists and their publics. 410 0$aRoutledge studies in memory and narrative ;$v10. 606 $aMemory in art 606 $aArts, Modern$y20th century 608 $aElectronic books. 615 0$aMemory in art. 615 0$aArts, Modern 676 $a700.453 701 $aCandida Smith$b Richard$0950348 801 0$bFlBoTFG 801 1$bFlBoTFG 906 $aBOOK 912 $a9910455655203321 996 $aArt and the performance of memory$92148714 997 $aUNINA LEADER 05144oam 2200793 450 001 9910794385803321 005 20230313150617.0 010 $a90-04-44358-4 010 $a9789004443587 010 $a9004443584 035 $a(CKB)4100000011352917 035 $a(MiAaPQ)EBC6423274 035 $a(OCoLC)1227392305 035 $a(EXLCZ)994100000011352917 100 $a20210601d2021 uy 0 101 0 $aeng 135 $aur|n|---||||| 181 $ctxt$2rdacontent 182 $cn$2rdamedia 183 $acr$2rdacarrier 200 00$aEurope thirty years after 1989 $etransformations of values, memory, and identity /$fedited by Tomas Kavaliauskas 210 1$aLeiden ;$aBoston :$cBrill Rodopi,$d[2021] 210 4$d©2021 215 $a1 online resource (xii, 274 pages) $cillustratons 225 1 $aCentral European Value Studies 311 1 $a90-04-44211-1 311 08$aPrint version: Kavaliauskas, Tomas Europe thirty years after 1989 : transformations of values, memory, and identity Boston : Brill, 2020 9789004442115 (OCoLC)1232446631 320 $aIncludes bibliographical references and index. 327 $aEast-Central Europe searching for (European) values : how to be more than the "proud periphery"? / Ladislav Cabada -- Thirty years in search of identity in Central Europe / Tomas Kavaliauskas -- Conservative assertiveness in Central and Eastern Europe : case studies from Poland and Hungary / Nicolas Hayoz and Magdalena Solska -- Croatia after 1989 : memories of socialism in post-socialist times / Josip Zanki and Nevena S?krbic? Alempijevic? -- Types of social memory and the subordination of identities of ethnic minorities in Latvia / Deniss Hanovs and Vladislav Volkov -- The ideal of absolute hospitality and the reality of anti-migrant fences / Ru?ta Bagdanavic?iu?te? -- "A home for our children" : the Bulgarian (dis)illusion with democratic society thirty years later / Valentina Gueorguieva, Galina Goncharova, and Slavka Karakusheva -- Envisioning Europe from the East : a? la recherche du temps perdu with Va?clav Havel and Lennart Meri / Maria Ma?lksoo -- The rise of the public relations man and the decline of the Soviet "intelligentsia" after 1989 / Gintautas Maz?eikis -- From ideology of culture to cultural critique : "Kultu?ros barai" journal and the changing roles of Lithuanian intellectuals (1989-2019) / Almantas Samalavic?ius -- From the Baltic way to the #CatalanReferendum : achieving statehood through peaceful protest : two European models face to face with 30 years between them / Jordi Arrufat Agramunt. 330 $aFor the last thirty years the year 1989 has symbolized a European annus mirabilis , standing for such events as the fall of the Berlin Wall and the impending collapse of the Soviet Union. Cultural and political transformations in Western Europe due to the rise of the migrant crisis are now echoed in East-Central Europe. In Europe Thirty Years After 1989 , the authors jointly explore the recent history of former socialist countries such as Bulgaria, Croatia, Poland, Hungary, the Czech republic, the Baltic States, and Russia. Thirty years ago some of these countries stood as a paradigmatic example of peaceful and liberal patriotism, but during the past thirty years some countries have experienced transformations in their values, memory and identity. A shift towards illiberal democracy has occurred, although not without the overlapping trends in Western and Southern Europe. This book is for those who wish to join and learn from the search for an interpretation and answer(s) to the question: what happened to the legacy of 1989 over the past thirty years, and why did these changes and transformations occur?. 410 0$aValue inquiry book series.$pCentral-European value studies. 606 $aPays de l' Est$9fre$2ECLAS 606 $aUE/CE Droit$9fre$2ECLAS 606 $aRéformes économiques$9fre$2ECLAS 606 $aMarchés$9fre$2ECLAS 606 $aDroit de la concurrence$9fre$2ECLAS 606 $aSociétés$9fre$2ECLAS 606 $amemoire$9fre$2ECLAS 606 $aIdentité nationale$9fre$2ECLAS 606 $aeconomic reform$9eng$2EUROVOC 606 $acompetition law$9eng$2EUROVOC 606 $amarket$9eng$2EUROVOC 606 $aCivilization$xHistory 606 $acivil society$9eng$2EUROVOC 606 $anational identity$9eng$2EUROVOC 607 $aEurope$xHistory$y1989- 615 7$aPays de l' Est 615 7$aUE/CE Droit 615 7$aRéformes économiques 615 7$aMarchés 615 7$aDroit de la concurrence 615 7$aSociétés 615 7$amemoire 615 7$aIdentité nationale 615 7$aeconomic reform 615 7$acompetition law 615 7$amarket 615 0$aCivilization$xHistory. 615 7$acivil society 615 7$anational identity 676 $a940.559 702 $aKavaliauskas$b Tomas 801 0$bMiAaPQ 801 1$bMiAaPQ 801 2$bUtOrBLW 906 $aBOOK 912 $a9910794385803321 996 $aEurope thirty years after 1989$93679030 997 $aUNINA